<?xml version="1.0" encoding="UTF-8"?>
<marc:record xmlns:marc="http://www.loc.gov/MARC21/slim">
   <marc:leader>00000nam a2200000 a 4500</marc:leader>
   <marc:datafield ind1="1" ind2=" " tag="100">
      <marc:subfield code="a">Buck, Shannon</marc:subfield>
      <marc:subfield code="4">aut</marc:subfield>
      <marc:subfield code="e">Verfasser/-in</marc:subfield>
   </marc:datafield>
   <marc:datafield ind1=" " ind2=" " tag="653">
      <marc:subfield code="a">Anleitung</marc:subfield>
   </marc:datafield>
   <marc:datafield ind1=" " ind2=" " tag="653">
      <marc:subfield code="a">Aromatherapie</marc:subfield>
   </marc:datafield>
   <marc:datafield ind1=" " ind2=" " tag="653">
      <marc:subfield code="a">Beauty</marc:subfield>
   </marc:datafield>
   <marc:datafield ind1=" " ind2=" " tag="653">
      <marc:subfield code="a">DIY</marc:subfield>
   </marc:datafield>
   <marc:datafield ind1=" " ind2=" " tag="653">
      <marc:subfield code="a">Geschenk</marc:subfield>
   </marc:datafield>
   <marc:datafield ind1=" " ind2=" " tag="653">
      <marc:subfield code="a">Naturkosmetik</marc:subfield>
   </marc:datafield>
   <marc:datafield ind1=" " ind2=" " tag="653">
      <marc:subfield code="a">The Glow</marc:subfield>
   </marc:datafield>
   <marc:datafield ind1=" " ind2=" " tag="653">
      <marc:subfield code="a">Wellness</marc:subfield>
   </marc:datafield>
   <marc:datafield ind1=" " ind2=" " tag="653">
      <marc:subfield code="a">natürliche Schönheitspflege</marc:subfield>
   </marc:datafield>
   <marc:datafield ind1=" " ind2=" " tag="653">
      <marc:subfield code="a">Softcover / Ratgeber/Hobby</marc:subfield>
   </marc:datafield>
   <marc:datafield ind1=" " ind2=" " tag="653">
      <marc:subfield code="a">Haus/Kreatives Gestalten</marc:subfield>
   </marc:datafield>
   <marc:datafield ind1=" " ind2=" " tag="653">
      <marc:subfield code="a">Ratgeber</marc:subfield>
   </marc:datafield>
   <marc:datafield ind1="0" ind2="0" tag="245">
      <marc:subfield code="a">200 Tipps, Tricks und Techniken - natürliche Schönheit</marc:subfield>
   </marc:datafield>
   <marc:datafield ind1="0" ind2="0" tag="245">
      <marc:subfield code="c">Shannon Buck ; Übersetzung: Manuela Feilzer</marc:subfield>
   </marc:datafield>
   <marc:datafield ind1=" " ind2="1" tag="264">
      <marc:subfield code="a">Stuttgart</marc:subfield>
      <marc:subfield code="b">Frechverlag GmbH</marc:subfield>
      <marc:subfield code="c">2017</marc:subfield>
   </marc:datafield>
   <marc:datafield ind1="1" ind2=" " tag="490">
      <marc:subfield code="a">Topp</marc:subfield>
   </marc:datafield>
   <marc:datafield ind1=" " ind2=" " tag="250">
      <marc:subfield code="a">1. Auflage</marc:subfield>
   </marc:datafield>
   <marc:datafield ind1="1" ind2=" " tag="520">
      <marc:subfield code="a">Angaben aus der Verlagsmeldung

200 Tipps, Tricks und Techniken Natürliche Schönheit : Naturkosmetik, Aromatherapie und mehr fürs Wohlbefinden 200 Tips, Techniques &amp; Recipes for Natural Beauty / von Shannon Buck

Viele konventionelle Beauty-Produkte enthalten bedenkliche oder gar gesundheitsschädliche Chemikalien und Zusatzstoffe. Nicht umsonst erfreut sich das Thema Naturkosmetik einer überaus großen Beliebtheit. "200 Tipps, Tricks &amp; Techniken Natürliche Schönheit“ ist ein Grundlagenwerk, das diesem Trend Rechnung trägt: Es bietet nicht nur Anleitungen, um natürliche und unschädliche Beautyprodukte ganz einfach zuhause in der eigenen Küche herzustellen, sondern auch noch eine umfangreiche Rohstoff- und Materialkunde und eine Fülle von Anregungen für wunderbare Pflegeprodukte und Schönheitsrituale. Viele hilfreiche Infokästen, detaillierte Anweisungen und anschauliche Fotos erläutern die Themen Naturkosmetik, Aromatherapie und natürliche Schönheitspflege im Detail: Von Trägerölen mit wertvollen Eigenschaften über kostbare natürliche Butter, duftende Blütenwasser und heilende Kräuterauszüge bis hin zu hochwirksamen ätherischen Ölen - dieses Buch ist vollgepackt mit Expertenwissen. Jede Menge Tipps und Tricks vermitteln die Auswahl der besten Zutaten und der passenden Produktformeln für die individuellen Bedürfnisse verschiedener Hauttypen. Ein unentbehrliches Nachschlagewerk für kreative und naturbewusste Beauty-Queens mit über 100 Rezepten für Haut, Haare, Nägel &amp; Co.!
</marc:subfield>
   </marc:datafield>
   <marc:datafield ind1=" " ind2=" " tag="020">
      <marc:subfield code="a">9783772477317</marc:subfield>
      <marc:subfield code="9">9783772477317</marc:subfield>
   </marc:datafield>
   <marc:datafield ind1=" " ind2=" " tag="020">
      <marc:subfield code="a">3772477313</marc:subfield>
      <marc:subfield code="9">3772477313</marc:subfield>
   </marc:datafield>
   <marc:datafield ind1=" " ind2=" " tag="041">
      <marc:subfield code="a">ger</marc:subfield>
   </marc:datafield>
   <marc:datafield ind1=" " ind2=" " tag="300">
      <marc:subfield code="a">144 Seiten</marc:subfield>
   </marc:datafield>
</marc:record>
